000 00388nam a2200169 4500
005 20260216150420.0
008 cuc123
020 _a186152966X
050 _aHF 5549 PRI
_b1
100 _aPRICE, Allan
245 _aHuman resource managemnt in business context
250 _a2nd
260 _aAUSTRALIA
_bTHOMSON
_c2004
300 _axviii, 743p
500 _aindex
942 _2lcc
_cBK
_n0
999 _c8723
_d8723